Culture générale ! Une image... Un des... (26) - Statistiques

Statistiques générales
  • Ce quiz a été pris 53 fois
  • Le résultat moyen est 9 sur 20
Statistiques - réponses
Par images Hint Réponse % Correct
animaux iguane
89%
pays d Europe Belgique
78%
instrument de musique clarinette
78%
peintres espagnols Salvador Dali
78%
armes trident
78%
équipes de rugby (en anglais) all blacks
76%
tsars de Russie Nicolas II
56%
pays du monde Irlande
51%
meubles en héraldique tête de {maure}
51%
marques de voiture Volvo
49%
adresses célèbres 10 Downing street
44%
états américains Dakota-du-Sud
31%
Lieu sacré kaaba
29%
acteurs français Louis Jouvet
22%
présidents du Sénat Alain Poher
20%
préfectures de France Albi
18%
beffrois du Pas-de-Calais Calais
18%
maréchaux Jean de Lattre de Tassigny
18%
couronnes couronne de {duc}
7%
objets de dévotion ex-voto
7%
Aucun quiz correspondant
Distribution des résultats
% des personnes avec chaque résultat
Percentile par nombre de réponses
Votre historique - résultats
Vous n’avez pas pris ce quiz